The Copperbelt University Medical Trust Ltd : 2017 annual report : submitted to the 25th annual general meeting (Record no. 86272)

MARC details
000 -LEADER
fixed length control field 00881nam a2200253 4500
003 - CONTROL NUMBER IDENTIFIER
control field CBULib
005 - DATE AND TIME OF LATEST TRANSACTION
control field 20250722144600.0
008 - FIXED-LENGTH DATA ELEMENTS--GENERAL INFORMATION
fixed length control field 250715b |||||||| |||| 00| 0 eng d
040 ## - CATALOGING SOURCE
Original cataloging agency CBULib
Language of cataloging English
Transcribing agency CBULib
Description conventions rda
041 ## - LANGUAGE CODE
Language code of text/sound track or separate title eng
050 ## - LIBRARY OF CONGRESS CALL NUMBER
Classification number CBU(058)MT/2017
110 ## - MAIN ENTRY--CORPORATE NAME
Corporate name or jurisdiction name as entry element The Copperbelt University(CBU)
245 ## - TITLE STATEMENT
Title The Copperbelt University Medical Trust Ltd : 2017 annual report : submitted to the 25th annual general meeting
Statement of responsibility, etc / by The Copperbelt University(CBU)
260 ## - PUBLICATION, DISTRIBUTION, ETC. (IMPRINT)
Place of publication, distribution, etc Kitwe :
Name of publisher, distributor, etc Copperbelt University,
Date of publication, distribution, etc 2017.
300 ## - PHYSICAL DESCRIPTION
Extent 32 pages : illustrations
336 ## - CONTENT TYPE
Source rdacontent
Content type term Text |
Content type code txt
337 ## - MEDIA TYPE
Source rdamedia
Media type term Unmediated |
Media type code n
338 ## - CARRIER TYPE
Source rdacarrier
Carrier type term Volume
Carrier type code nc
650 ## - SUBJECT ADDED ENTRY--TOPICAL TERM
Topical term or geographic name as entry element MEDICAL CARE
650 ## - SUBJECT ADDED ENTRY--TOPICAL TERM
Topical term or geographic name as entry element QUALITY HEALTH CARE
650 ## - SUBJECT ADDED ENTRY--TOPICAL TERM
Topical term or geographic name as entry element HEALTH CARE MANAGEMENT--ZAMBIA
650 ## - SUBJECT ADDED ENTRY--TOPICAL TERM
Topical term or geographic name as entry element HEALTH CARE MANAGEMENT--EMPLOYEE--ZAMBIA
942 ## - ADDED ENTRY ELEMENTS (KOHA)
Source of classification or shelving scheme
Koha item type UNIVERSITY COLLECTION
Holdings
Withdrawn status Lost status Source of classification or shelving scheme Damaged status Not for loan Collection code Permanent Location Current Location Shelving location Date acquired Source of acquisition Full call number Barcode Date last seen Copy number Price effective from Koha item type
          Special Collections CBU-MAIN LIBRARY, KITWE. CBU-MAIN LIBRARY, KITWE. Special Collections 07/15/2025 DEP-CBU CBU(058)MT/2017A B152777 07/15/2025 1 07/15/2025 UNIVERSITY COLLECTION
          Special Collections CBU-MAIN LIBRARY, KITWE. CBU-MAIN LIBRARY, KITWE. Special Collections 07/15/2025 DEP-CBU CBU(058)MT/2017B B152856 07/22/2025 2 07/15/2025 UNIVERSITY COLLECTION